Normal view
MARC view
- تاليف الكواملة ،عبد الفتاح؛ اعداد زياد أبو لبن
Entry Personal Name
001 - CONTROL NUMBER
- control field: 49470
003 - CONTROL NUMBER IDENTIFIER
- control field: JO-AjAnu
005 - DATE AND TIME OF LATEST TRANSACTION
- control field: 20230606082142.0
008 - FIXED-LENGTH DATA ELEMENTS
- fixed length control field: 230606|| aca||aabn | a|a d
040 ## - CATALOGING SOURCE
- Original cataloging agency: JO-AjAnu
- Transcribing agency: JO-AjAnu
100 ## - HEADING--PERSONAL NAME
- Personal name: تاليف الكواملة ،عبد الفتاح؛ اعداد زياد أبو لبن
670 ## - SOURCE DATA FOUND
- Source citation: Work cat.: (JO-AjAnu)25298: تاليف الكواملة ،عبد الفتاح؛ اعداد زياد أبو لبن, author, بين يدي النجديات